00449nam a2200157Ia 4500001000500000005001700005008004100022041000800063082001600071100003300087245011900120260000900239300002700248650000800275654000800283770720260306160515.0260306t2011||||xx |||||||||||||| ||spa|| aESP a352.34bD75 aDiez Hurtado, AlejandroeAUT 0aGobernabilidad e integración social:bLa cooperación suiza y la articulación entre gobierno y sociedad rural c2011 a39 páginas :c30 cm. aGEN aCAN